بريد الشرق : (رقم التسجيلة. 65626)

تفاصيل مارك
000 -LEADER
fixed length control field 00505nam a22001697a 4500
005 - DATE AND TIME OF LATEST TRANSACTION
control field 20251108171914.0
008 - FIXED-LENGTH DATA ELEMENTS--GENERAL INFORMATION
fixed length control field 250721s2003 xx 000 0 ara d
082 14 - DEWEY DECIMAL CLASSIFICATION NUMBER
Classification number ق/مظف
100 1# - MAIN ENTRY--PERSONAL NAME
Personal name مظفر، مي
245 10 - TITLE STATEMENT
Title بريد الشرق :
Remainder of title قصص قصيرة /
264 1# - PRODUCTION, PUBLICATION, DISTRIBUTION, MANUFACTURE, AND COPYRIGHT NOTICE
Place of production, publication, distribution, manufacture عمان :
Name of producer, publisher, distributor, manufacturer المؤسسة العربية للدراسات والنشر،
Date of production, publication, distribution, manufacture, or copyright notice 2003.
300 ## - PHYSICAL DESCRIPTION
Extent 121ص.
650 17 - SUBJECT ADDED ENTRY--TOPICAL TERM
Topical term or geographic name as entry element الأدب العربي
650 17 - SUBJECT ADDED ENTRY--TOPICAL TERM
Topical term or geographic name as entry element القصص العربية
942 ## - ADDED ENTRY ELEMENTS (KOHA)
Source of classification or shelving scheme Dewey Decimal Classification
Koha item type كتب
المقتنيات
حالة السحب حالة الفقدان مصدر التصنيف حالة التلف غير قابل للإعارة المكتبة الرئيسية المكتبة الحالية موقع الرف تاريخ التزويد الرقم المتسلسل Total Checkouts رقم الإستدعاء الباركود تاريخ آخر ظهور تاريخ الفاتورة نوع المادة (كوها)
    Dewey Decimal Classification     المكتبة المركزية المكتبة المركزية الإعارة 06/07/2004 614970   ق/مظف 614970 28/07/2025 06/07/2004 كتب
    Dewey Decimal Classification     المكتبة المركزية المكتبة المركزية الإعارة 06/07/2004 614972   ق/مظف DUP-02_614972 28/07/2025 06/07/2004 كتب
    Dewey Decimal Classification     مكتبة أبو علندا العامة مكتبة أبو علندا العامة الإعارة 28/07/2025 614986   ق/مظف 614986 28/07/2025 28/07/2025 كتب
    Dewey Decimal Classification     مكتبة أم قصير والمقابلين العامة مكتبة أم قصير والمقابلين العامة الإعارة 28/07/2025 614985   ق/مظف 614985 28/07/2025 28/07/2025 كتب
    Dewey Decimal Classification     مكتبة الأميرة ايمان العامة مكتبة الأميرة ايمان العامة الإعارة 17/11/2013 614977   ق/مظف PLD00286614 28/07/2025 17/11/2013 كتب
    Dewey Decimal Classification Unchecked   مكتبة الجويدة مكتبة الجويدة الإعارة 28/07/2025 614981   ق/مظف   28/07/2025 28/07/2025 كتب
    Dewey Decimal Classification     مكتبة الحسن العامة مكتبة الحسن العامة الإعارة 28/07/2025 614982   ق/مظف 614982 28/07/2025 28/07/2025 كتب
    Dewey Decimal Classification     مكتبة النصر العامة مكتبة النصر العامة الإعارة 28/07/2025 614988   ق/مظف 614988 28/07/2025 28/07/2025 كتب
    Dewey Decimal Classification     مكتبة صويلح العامة مكتبة صويلح العامة الإعارة 06/07/2004 614978   ق/مظف 614978 28/07/2025 06/07/2004 كتب
    Dewey Decimal Classification     مكتبة وادي السير العامة مكتبة وادي السير العامة الإعارة 28/07/2025 614987   ق/مظف DUP-01_614987 28/07/2025 28/07/2025 كتب
    Dewey Decimal Classification     مكتبة وادي السير العامة مكتبة وادي السير العامة الإعارة 28/07/2025 614987   ق/مظف DUP-02_614987 28/07/2025 28/07/2025 كتب
Implemented & Customized by: BBB with SCIT (Smart Chains for Information Technology)

Powered by Koha